000 00526pam a2200157a 44500
008 230515b2018 xxu||||| |||| 00| 0 eng d
020 _aNULL
041 _aENGLISH
082 _a610.0
100 _aMS. RUBY JOSE
245 _aAN EXPLORATORY STUDY TO ASSESS THE PRECEPTION REGARDING NURSRS AS SUPPORT PROVIDER AMONG PARENTS OF NEONATES ADMITTED IN SELECTED NEONATAL INTENSIVE CARE UNITS OF PUNE CITY
250 _a1
260 _aPUNE
_bBHARATI VIDYAPEETH DEEMED UNIVERSITY, PUNE,
_c2018
300 _a73
650 _aNULL
999 _c532117
_d532117